000 00601nam a2200181Ia 4500
003 OSt
005 20240423141016.0
008 210210b1944 xxu||||| |||| 00| 0 eng d
040 _cAL
041 _aKannada
082 _a856/251
100 _aLAKAHMINARASIMHAN (S) ಲಕ್ಷ್ಮಿನರಸಿಂಹನ್ ಎಸ್
_9162117
245 _aYuddhakalada Arthika samasyegalu
_bಯುದ್ಧಕಾಲದ ಆರ್ಥಿಕ ಸಮಸ್ಯೆಗಳು
260 _aMaisuru
_bMaisuru Vishvavidyanilaya
_c1944
690 _aKannada Miscellaneous
_9162121
906 _a020487
942 _2ddc
_cBK
999 _c144635
_d144635